Organisationsberatung Neue Wege und Konzepte
Na minha lista:
| Outros Autores: | |
|---|---|
| Formato: | Livro |
| Idioma: | alemão |
| Publicado em: |
Wiesbaden
Gabler
1992
|
| Edição: | 1. Aufl. |
| Assuntos: | |
| Tags: |
Sem tags, seja o primeiro a adicionar uma tag!
|
MARC
| LEADER | 00000nam a2200000 4500 | ||
|---|---|---|---|
| 001 | c002455 | ||
| 005 | 20221221080333.4 | ||
| 020 | |a 3-409-19649-8 | ||
| 041 | 0 | |a ger | |
| 044 | |a DE | ||
| 245 | 1 | 0 | |a Organisationsberatung |b Neue Wege und Konzepte |c Red. Rudolf Wimmer |
| 250 | |a 1. Aufl. | ||
| 264 | 1 | |a Wiesbaden |b Gabler |c 1992 | |
| 300 | |a 380 s. | ||
| 610 | 2 | 0 | |a poradenstvo |
| 610 | 2 | 0 | |a poradcovia |
| 610 | 2 | 0 | |a organizácie |
| 610 | 2 | 0 | |a plánovanie |
| 610 | 2 | 0 | |a koncepcie |
| 610 | 2 | 0 | |a projekty |
| 700 | 1 | |a Wimmer, Rudolf | |